000 00495pab a2200193 454500
008 180718b2010 xxu||||| |||| 00| 0 eng d
100 _aSrivastava, Akanksha
245 _aEconomic proxies, household consumption and health estimates
260 _c2010
300 _ap.55-63.
362 _a17 Apr
650 _aHealth services
650 _aPoverty
650 _aConsumption
700 _aMohanty, Sanjay K.
773 _aEconomic and Political Weekly
908 _aN
909 _a86771
999 _c86771
_d86771